| 000 | 00967nam a2200229Ia 4500 | ||
|---|---|---|---|
| 999 |
_c40041 _d40041 |
||
| 001 | 6647 | ||
| 003 | GE_BSU | ||
| 005 | 20191122171731.0 | ||
| 008 | 181216s1985||||ge |||||||||||||| ||geo|| | ||
| 040 | _cGE_BSU | ||
| 041 | _ageo | ||
| 080 | _a821.353.1-32 გ-19 | ||
| 100 |
_aგამსახურდია, კონსტანტინე. _95545 |
||
| 245 |
_aთხზულებანი [ათტომეული] ტომი მეათე : _bპიესები / _cკონსტანტინე გამსახურდია ; რედ. ნ. ინასარიძე. |
||
| 264 |
_aთბილისი : _bსაბჭ.საქართველო, _c1985. |
||
| 300 |
_a654 გვ. ; _c22 მ. |
||
| 653 | _aთხზულებანი | ||
| 653 | _aპიესები | ||
| 653 | _aათტომეული | ||
| 700 |
_aინასარიძე, ნ. _eრედაქტორი _91193 |
||
| 942 |
_cBK _2udc |
||